Catálogo público

Manual del ganado bovino para carne : (Record no. 168483)

MARC details
000 -CABECERA
campo de control de longitud fija 02275nam a2200445 a 4500
001 - NÚMERO DE CONTROL
campo de control Z_5413
003 - IDENTIFICADOR DEL NÚMERO DE CONTROL
campo de control CHAP
005 - FECHA Y HORA DE LA ÚLTIMA TRANSACCIÓN
campo de control 20250619142452.0
007 - CAMPO FIJO DE DESCRIPCIÓN FÍSICA--INFORMACIÓN GENERAL
campo de control de longitud fija ta
008 - DATOS DE LONGITUD FIJA--INFORMACIÓN GENERAL
campo de control de longitud fija 220113s2005 mx a frf 001 0 spa d
010 ## - NÚMERO DE CONTROL DE LA BIBLIOTECA DEL CONGRESO
Número de control de LC 168483
020 ## - NÚMERO INTERNACIONAL ESTÁNDAR DEL LIBRO
Número Internacional Estándar del Libro 968-24-0521-1
020 ## - NÚMERO INTERNACIONAL ESTÁNDAR DEL LIBRO
Número Internacional Estándar del Libro 978-968-24-0521-1
040 ## - FUENTE DE LA CATALOGACIÓN
Centro catalogador/agencia de origen Z
Centro/agencia transcriptor CHAP
Normas de descripción rda
041 0# - CÓDIGO DE LENGUA
Código de lengua del sumario o resumen Español
Código de lengua de la tabla de contenido Español
082 ## - NÚMERO DE LA CLASIFICACIÓN DECIMAL DEWEY
Número de clasificación 636.213
Número de documento/Ítem L47 2005
Número de edición 20
100 0# - ENTRADA PRINCIPAL--NOMBRE DE PERSONA
Nombre de persona Lesur, Luis
Término indicativo de función/relación autor
9 (RLIN) 66363
245 ## - MENCIÓN DE TÍTULO
Título Manual del ganado bovino para carne :
Resto del título una guía paso a paso /
Mención de responsabilidad, etc. Luis Lesur
250 ## - MENCIÓN DE EDICIÓN
Mención de edición Primera edición
Resto de la mención de edición (reimpresión 2017)
264 #1 - PRODUCCIÓN, PUBLICACIÓN, DISTRIBUCIÓN, FABRICACIÓN Y COPYRIGHT
Producción, publicación, distribución, fabricación y copyright México, D. F. :
Nombre del de productor, editor, distribuidor, fabricante Trillas,
Fecha de producción, publicación, distribución, fabricación o copyright 2005
300 ## - DESCRIPCIÓN FÍSICA
Extensión 80 páginas :
Otras características físicas ilustraciones
336 ## - TIPO DE CONTENIDO
Fuente rdacontent
Término de tipo de contenido texto
Código de tipo de contenido txt
337 ## - TIPO DE MEDIO
Fuente rdamedia
Nombre/término del tipo de medio sin medio
Código del tipo de medio n
338 ## - TIPO DE SOPORTE
Fuente rdacarrier
Nombre/término del tipo de soporte volumen
Código del tipo de soporte nc
490 1# - MENCIÓN DE SERIE
Mención de serie Cómo hacer bien y fácilmente (Trillas)
500 ## - NOTA GENERAL
Nota general ej.1: C/E \ ej.2 - ej.3: S/N (sin sellos)
505 0# - NOTA DE CONTENIDO CON FORMATO
Nota de contenido con formato Introducción -- 1. Razas de ganado de carne -- 2. Selección del pie de cría inicial -- 3. Mejoramiento del pie de cría existente -- 4. Reproducción -- 5. Alimentación -- 6. Salud -- 7. Manejo -- 8. Instalaciones.
520 ## - SUMARIO, ETC.
Sumario, etc. La producción de ganado bovino, también llamado vacuno para carne es una de los actividades ganaderas más importantes, porque esta carne tiene gran demanda en la mayoría de los países del mundo. Hay varios sistemas de producción comercial de ganado para carne; uno puede ser exclusivamente la cría de becerros y otro los ranchos de engorda, o bien los dos sistemas integrados. los conocimientos que se requieren para esta actividad son muy variados, y del adecuado domino de todos ellos depende el éxito que se obtenga. El presente manual describe, paso a paso, los elementos que usted requiere tomar en consideración para iniciar en la producción de carne con ganado bovino.
650 13 - PUNTO DE ACCESO ADICIONAL DE MATERIA--TÉRMINO DE MATERIA
Término de materia o nombre geográfico como elemento de entrada Ganado de carne
9 (RLIN) 45067
650 13 - PUNTO DE ACCESO ADICIONAL DE MATERIA--TÉRMINO DE MATERIA
Término de materia o nombre geográfico como elemento de entrada Ganado bovino
9 (RLIN) 138033
650 13 - PUNTO DE ACCESO ADICIONAL DE MATERIA--TÉRMINO DE MATERIA
Término de materia o nombre geográfico como elemento de entrada Producción de ganado bovino
9 (RLIN) 157758
650 ## - PUNTO DE ACCESO ADICIONAL DE MATERIA--TÉRMINO DE MATERIA
Término de materia o nombre geográfico como elemento de entrada Ganado de carne
Subdivisión general Alimentación
9 (RLIN) 45068
650 ## - PUNTO DE ACCESO ADICIONAL DE MATERIA--TÉRMINO DE MATERIA
Término de materia o nombre geográfico como elemento de entrada Ganado de carne
Subdivisión general Reproducción
9 (RLIN) 45108
650 13 - PUNTO DE ACCESO ADICIONAL DE MATERIA--TÉRMINO DE MATERIA
Término de materia o nombre geográfico como elemento de entrada Razas de ganado
9 (RLIN) 139924
830 #0 - PUNTO DE ACCESO ADICIONAL DE SERIE-TÍTULO UNIFORME
Título uniforme Cómo hacer bien y fácilmente (Trillas)
9 (RLIN) 188883
942 ## - ELEMENTOS DE PUNTO DE ACCESO ADICIONAL (KOHA)
Tipo de ítem Koha Libro
Fuente del sistema de clasificación o colocación Dewey Decimal Classification
901 ## - ELEMENTOS DE DATOS A LOCAL LDA (RLIN)
a 636.213 L4
902 ## - ELEMENTOS DE DATOS B LOCAL, LDB (RLIN)
a M
910 ## - DATOS DE OPCIÓN DEL USUARIO (OCLC)
Datos de opción del usuario 2005
Holdings
Estado de retiro Estado de pérdida Fuente del sistema de clasificación o colocación Estado dañado Restricciones de uso No para préstamo Código de colección Localización permanente Ubicación/localización actual Fecha de adquisición Fuente de adquisición Número de inventario Total de préstamos Signatura topográfica completa Código de barras Fecha visto por última vez Fecha del último préstamo Número de copia Precio válido a partir de Tipo de ítem Koha
    Dewey Decimal Classification   Préstamo interno   General Zootecnia Zootecnia 20/06/2005 Compra C/E 1 636.213 L47 2005 5102005256 06/11/2024 06/11/2024 Ej.1 18/01/2022 Libro
    Dewey Decimal Classification   Préstamo interno   General Zootecnia Zootecnia 10/12/2020 Compra Directa Factura No. BF7ADFFB651D S/N   636.213 L47 2005 5102007563 28/03/2025   Ej.2 28/03/2025 Libro
    Dewey Decimal Classification   Préstamo interno   General Zootecnia Zootecnia 10/12/2020 Compra Directa Factura No. BF7ADFFB651D S/N   636.213 L47 2005 5102007564 21/05/2025   Ej.3 28/03/2025 Libro